Cities of Tulare County on a Map - Statistics

General Stats
  • This quiz has been taken 87 times
  • The average score is 5 of 8
Answers on the Map
Answers color-coded by a green-red scale on the quiz's map according to % correct below.
 
Answer Stats
Answer % Correct
Tulare
100%
Visalia
89%
Porterville
71%
Dinuba
51%
Exeter
51%
Farmersville
51%
Lindsay
49%
Woodlake
43%
No matching quizzes found
Score Distribution
Percent of People with Each Score
Percentile by Number Answered
Your Score History
You have not taken this quiz